000 00892nam a2200253Ia 4500
003 OSt
005 20220923224621.0
006 a|||||r|||| 00| 0
007 ta
008 220922b |||||||| |||| 00| 0 san d
024 _a247,871
037 _cTextual
040 _aARTS
_cARTS
_bsan
041 _2san
_asan
082 _aO15,2D70,1, 152K8
100 _aभवभूति; मिश्र, श्रीराम चन्द्र
_9168137
245 0 _aमहावीरचरितम्
246 _ahināvīracharitam
260 _aवाराणसी
_b चौखम्बा विद्याभवन
_c1968
300 _a350पृ0
_ccm.
650 _aसंस्कृत साहित्य
942 _hO15,2D70,1, 152K8
_cTEXL
_2CC
999 _c372552
_d372552